LEADER 01081nam a2200229 i 4500 001 000000148748 003 CaOOAMICUS 005 20060315000000.0 008 060315s1959 it u000 u ita u 013 $a126066 040 $aSeMil$bita 100 1 $aSoffici, Ardengo.$0(OLS)http://semarc/name/7202 245 13$aIl caso Rosso e l'Impressionismo ; Arthur Rimbaud ; Scoperte e massacri ; Statue e fantocci ; Cubismo e Futurismo ; Estetica futurista /$cprefazione di Giuseppe Prezzolini. 300 $aLVIII, 753 p., [1] c. di tav. 500 $aFondo Ciprandi. 700 1 $aPrezzolini, Giuseppe,$d<1882-1982>.$0(OLS)http://semarc/name/2642 773 0 $aSoffici, Ardengo$tOpere.$dFirenze : Vallecchi, 1959-[196-]?.$g1$w()15525 850 $aSeMil 852 $aSeMil$W1$xVenegono$y1$m1C III 94$j101105$B101105$CSeMilBibl$Z2$F109750 $81 941 1 $a1 961 $aOmaggio: Ciprandi dott. Paolo 996 $6245$aIl caso Rosso e l'Impressionismo ; Arthur Rimbaud ; Scoperte e massacri ; Statue e fantocci ; Cubismo e Futurismo ; Estetica futurista$9(OLS)http://semarc/title/217414 LEADER 01001nam a2200229 i 4500 001 000000102591 003 CaOOAMICUS 005 20180830171932.0 008 180830s1931 fr u000 u mul u 013 $a74744 040 $aSeMil$bita 245 12$aL'Ordre :$bquestions 34-40 /$ctraduction française par M.J. Gerlaud. 300 $a241 p. 500 $aIn Appendici : In Appendici : Notes explicatives ; Renseignements techniques ; Notes bibliographiques. 650 4$aOrdine (Sacramento).$0(OLS)http://semarc/subject/4458 700 1 $aGerlaud, M. J.$0(OLS)http://semarc/name/14126 700 0 $aTommaso : d'Aquino,$c.$0(OLS)http://semarc/name/423 773 0 $aTommaso : d'Aquino $tSomme Théologique.$dParis : Desclée & Cie $w()6218 773 0 $t[Supplementa].$w()6228 850 $aSeMil 852 $aSeMil$W1$xVenegono$y1$m660 28.5 34 *$j59090$B59090$CSeMilBibl$Z2$F70103 $81 996 $6245$aL'Ordre :$bquestions 34-40$9(OLS)http://semarc/title/149278